000
00283nam a2200097Ia 4500
001
1300232
005
20260420095900.0
008
260420s9999 xx 000 0 und d
245
0
_a
CAN İLE CANAN - KARDEŞİMİZİ SEVİYORUZ
_c
NEFİSE ATÇAKARLAR
260
_b
TİMAŞ ÇOCUK YAYINLARI
999
_c
1300232
_d
1300232